<?xml version="1.0" encoding="UTF-8"?>
<collection xmlns="http://www.loc.gov/MARC21/slim">
 <record>
  <leader>03422cam a2200649   4500</leader>
  <controlfield tag="001">1606737376</controlfield>
  <controlfield tag="003">DE-627</controlfield>
  <controlfield tag="005">20240329195906.0</controlfield>
  <controlfield tag="007">tu</controlfield>
  <controlfield tag="008">960605s1973    xx ||||| m    00| ||ger c</controlfield>
  <datafield tag="015" ind1=" " ind2=" ">
   <subfield code="a">73,A46,0532</subfield>
   <subfield code="2">dnb</subfield>
  </datafield>
  <datafield tag="020" ind1=" " ind2=" ">
   <subfield code="a">3775640010</subfield>
   <subfield code="9">3-7756-4001-0</subfield>
  </datafield>
  <datafield tag="035" ind1=" " ind2=" ">
   <subfield code="a">(DE-627)1606737376</subfield>
  </datafield>
  <datafield tag="035" ind1=" " ind2=" ">
   <subfield code="a">(DE-576)052358593</subfield>
  </datafield>
  <datafield tag="035" ind1=" " ind2=" ">
   <subfield code="a">(DE-599)BSZ052358593</subfield>
  </datafield>
  <datafield tag="035" ind1=" " ind2=" ">
   <subfield code="a">(OCoLC)9099388</subfield>
  </datafield>
  <datafield tag="035" ind1=" " ind2=" ">
   <subfield code="a">(OCoLC)09099388</subfield>
  </datafield>
  <datafield tag="035" ind1=" " ind2=" ">
   <subfield code="a">(OCoLC)174471399</subfield>
  </datafield>
  <datafield tag="040" ind1=" " ind2=" ">
   <subfield code="a">DE-627</subfield>
   <subfield code="b">ger</subfield>
   <subfield code="c">DE-627</subfield>
   <subfield code="e">rakwb</subfield>
  </datafield>
  <datafield tag="041" ind1=" " ind2=" ">
   <subfield code="a">ger</subfield>
  </datafield>
  <datafield tag="084" ind1=" " ind2=" ">
   <subfield code="a">9,10</subfield>
   <subfield code="2">ssgn</subfield>
  </datafield>
  <datafield tag="084" ind1=" " ind2=" ">
   <subfield code="a">LK 29220</subfield>
   <subfield code="2">rvk</subfield>
   <subfield code="0">(DE-625)rvk/97740:</subfield>
  </datafield>
  <datafield tag="084" ind1=" " ind2=" ">
   <subfield code="a">851</subfield>
   <subfield code="2">bwlb</subfield>
  </datafield>
  <datafield tag="100" ind1="1" ind2=" ">
   <subfield code="a">Osteneck, Volker</subfield>
   <subfield code="0">(DE-588)1050794893</subfield>
   <subfield code="0">(DE-627)784941777</subfield>
   <subfield code="0">(DE-576)162452853</subfield>
   <subfield code="4">aut</subfield>
  </datafield>
  <datafield tag="245" ind1="1" ind2="4">
   <subfield code="a">Die romanischen Bauteile des Freiburger Münsters und ihre stilgeschichtlichen Voraussetzungen</subfield>
   <subfield code="b">Studien zur spätromanischen Baukunst am Oberrhein</subfield>
   <subfield code="c">Volker Osteneck</subfield>
  </datafield>
  <datafield tag="263" ind1=" " ind2=" ">
   <subfield code="a">kart. : DM 32.00</subfield>
  </datafield>
  <datafield tag="264" ind1=" " ind2="1">
   <subfield code="a">Köln [u.a.]</subfield>
   <subfield code="b">Hanstein</subfield>
   <subfield code="c">1973</subfield>
  </datafield>
  <datafield tag="300" ind1=" " ind2=" ">
   <subfield code="a">318 S.</subfield>
   <subfield code="b">Ill., Kt.</subfield>
  </datafield>
  <datafield tag="336" ind1=" " ind2=" ">
   <subfield code="a">Text</subfield>
   <subfield code="b">txt</subfield>
   <subfield code="2">rdacontent</subfield>
  </datafield>
  <datafield tag="337" ind1=" " ind2=" ">
   <subfield code="a">ohne Hilfsmittel zu benutzen</subfield>
   <subfield code="b">n</subfield>
   <subfield code="2">rdamedia</subfield>
  </datafield>
  <datafield tag="338" ind1=" " ind2=" ">
   <subfield code="a">Band</subfield>
   <subfield code="b">nc</subfield>
   <subfield code="2">rdacarrier</subfield>
  </datafield>
  <datafield tag="502" ind1=" " ind2=" ">
   <subfield code="a">Zugl.: Freiburg (Breisgau), Univ., Diss., 1969</subfield>
  </datafield>
  <datafield tag="583" ind1="1" ind2=" ">
   <subfield code="3">Signatur: O 74A10</subfield>
   <subfield code="a">Massenentsäuert</subfield>
   <subfield code="c">20181024</subfield>
   <subfield code="i">METE</subfield>
   <subfield code="2">pdager</subfield>
   <subfield code="5">DE-31</subfield>
  </datafield>
  <datafield tag="583" ind1="1" ind2=" ">
   <subfield code="a">Archivierung/Langzeitarchivierung gewährleistet</subfield>
   <subfield code="f">SLG</subfield>
   <subfield code="z">Oberrhein</subfield>
   <subfield code="2">pdager</subfield>
   <subfield code="5">DE-31</subfield>
  </datafield>
  <datafield tag="583" ind1="1" ind2=" ">
   <subfield code="a">Archivierung/Langzeitarchivierung gewährleistet</subfield>
   <subfield code="c">20211213</subfield>
   <subfield code="f">DISS</subfield>
   <subfield code="2">pdager</subfield>
   <subfield code="5">DE-25</subfield>
  </datafield>
  <datafield tag="583" ind1="1" ind2=" ">
   <subfield code="a">Archivierung/Langzeitarchivierung gewährleistet</subfield>
   <subfield code="f">SSG</subfield>
   <subfield code="x">XA-DE-BW</subfield>
   <subfield code="2">pdager</subfield>
   <subfield code="5">DE-16</subfield>
  </datafield>
  <datafield tag="650" ind1="0" ind2="7">
   <subfield code="0">(DE-588)4050482-7</subfield>
   <subfield code="0">(DE-627)106181904</subfield>
   <subfield code="0">(DE-576)209087595</subfield>
   <subfield code="a">Romanik</subfield>
   <subfield code="2">gnd</subfield>
   <subfield code="7">(dpeaa)DE-631</subfield>
  </datafield>
  <datafield tag="650" ind1="0" ind2="7">
   <subfield code="0">(DE-588)4178936-2</subfield>
   <subfield code="0">(DE-627)105337609</subfield>
   <subfield code="0">(DE-576)20998788X</subfield>
   <subfield code="a">Sakralbau</subfield>
   <subfield code="2">gnd</subfield>
   <subfield code="7">(dpeaa)DE-631</subfield>
  </datafield>
  <datafield tag="650" ind1=" " ind2="4">
   <subfield code="a">Freiburg &lt;Breisgau&gt; / P. a. Baukunst</subfield>
  </datafield>
  <datafield tag="650" ind1=" " ind2="4">
   <subfield code="a">Oberrhein / P. a. Baukunst</subfield>
  </datafield>
  <datafield tag="650" ind1=" " ind2="4">
   <subfield code="a">Kirche / Einz. Orte  Freiburg &lt;Breisgau&gt;</subfield>
  </datafield>
  <datafield tag="651" ind1=" " ind2="7">
   <subfield code="0">(DE-588)4132384-1</subfield>
   <subfield code="0">(DE-627)105688126</subfield>
   <subfield code="0">(DE-576)209635118</subfield>
   <subfield code="a">Münster Freiburg</subfield>
   <subfield code="g">Freiburg im Breisgau</subfield>
   <subfield code="2">gnd</subfield>
   <subfield code="7">(dpeaa)DE-631</subfield>
  </datafield>
  <datafield tag="651" ind1=" " ind2="7">
   <subfield code="0">(DE-588)4018272-1</subfield>
   <subfield code="0">(DE-627)106326686</subfield>
   <subfield code="0">(DE-576)208923535</subfield>
   <subfield code="a">Freiburg im Breisgau</subfield>
   <subfield code="2">gnd</subfield>
   <subfield code="7">(dpeaa)DE-631</subfield>
  </datafield>
  <datafield tag="655" ind1=" " ind2="7">
   <subfield code="a">Hochschulschrift</subfield>
   <subfield code="0">(DE-588)4113937-9</subfield>
   <subfield code="0">(DE-627)105825778</subfield>
   <subfield code="0">(DE-576)209480580</subfield>
   <subfield code="2">gnd-content</subfield>
  </datafield>
  <datafield tag="689" ind1="0" ind2="0">
   <subfield code="d">g</subfield>
   <subfield code="0">(DE-588)4132384-1</subfield>
   <subfield code="0">(DE-627)105688126</subfield>
   <subfield code="0">(DE-576)209635118</subfield>
   <subfield code="a">Münster Freiburg</subfield>
   <subfield code="g">Freiburg im Breisgau</subfield>
   <subfield code="2">gnd</subfield>
  </datafield>
  <datafield tag="689" ind1="0" ind2="1">
   <subfield code="d">s</subfield>
   <subfield code="0">(DE-588)4050482-7</subfield>
   <subfield code="0">(DE-627)106181904</subfield>
   <subfield code="0">(DE-576)209087595</subfield>
   <subfield code="a">Romanik</subfield>
   <subfield code="2">gnd</subfield>
  </datafield>
  <datafield tag="689" ind1="0" ind2=" ">
   <subfield code="5">(DE-627)</subfield>
  </datafield>
  <datafield tag="751" ind1=" " ind2=" ">
   <subfield code="a">Freiburg im Breisgau</subfield>
   <subfield code="0">(DE-588)4018272-1</subfield>
   <subfield code="0">(DE-627)106326686</subfield>
   <subfield code="0">(DE-576)208923535</subfield>
   <subfield code="4">uvp</subfield>
  </datafield>
  <datafield tag="787" ind1="0" ind2="8">
   <subfield code="i">Rezension</subfield>
   <subfield code="a">Bongartz, Norbert, 1943 - </subfield>
   <subfield code="t">Volker Osteneck, Die romanischen Bauteile des Freiburger Münsters</subfield>
   <subfield code="d">1973</subfield>
   <subfield code="w">(DE-627)1478655224</subfield>
   <subfield code="w">(DE-576)408655224</subfield>
  </datafield>
  <datafield tag="787" ind1="0" ind2="8">
   <subfield code="i">Rezensiert in</subfield>
   <subfield code="a">Norbert Bongartz</subfield>
   <subfield code="t">[Die romanischen Bauteile des Freiburger Münsters und ihrer stilgeschichtlichen Voraussetzungen], in: Denkmalpflege in Baden-Württemberg</subfield>
   <subfield code="g">2. 1973, 4. - S. 27</subfield>
  </datafield>
  <datafield tag="935" ind1=" " ind2=" ">
   <subfield code="a">BWLB</subfield>
  </datafield>
  <datafield tag="936" ind1="r" ind2="v">
   <subfield code="a">LK 29220</subfield>
   <subfield code="b">Freiburg (Breisgau)</subfield>
   <subfield code="k">Kunstgeschichte</subfield>
   <subfield code="k">Kunst nach Ländern bzw. Kontinenten</subfield>
   <subfield code="k">Deutschland</subfield>
   <subfield code="k">Kunsttopografie Deutschlands</subfield>
   <subfield code="k">Orte Deutschlands</subfield>
   <subfield code="k">Orte F</subfield>
   <subfield code="k">Freiburg (Breisgau)</subfield>
   <subfield code="0">(DE-627)1270881094</subfield>
   <subfield code="0">(DE-625)rvk/97740:</subfield>
   <subfield code="0">(DE-576)200881094</subfield>
  </datafield>
  <datafield tag="951" ind1=" " ind2=" ">
   <subfield code="a">BO</subfield>
  </datafield>
  <datafield tag="990" ind1=" " ind2=" ">
   <subfield code="a">Münster Freiburg</subfield>
  </datafield>
  <datafield tag="990" ind1=" " ind2=" ">
   <subfield code="a">Romanik</subfield>
  </datafield>
  <datafield tag="991" ind1=" " ind2=" ">
   <subfield code="a">Rezensiertes Werk</subfield>
  </datafield>
  <datafield tag="999" ind1=" " ind2=" ">
   <subfield code="a">KXP-PPN1606737376</subfield>
   <subfield code="e">4178613472</subfield>
  </datafield>
 </record>
</collection>
